TABUADA DO 10 - Statistics

Estatísticas Gerais
  • Esse quiz foi jogado 228 vezes
  • A pontuação média é 21 de 21
Estatísticas das Respostas
Hint Resposta % Correto
10X1 10
100%
10X10 100
100%
10X2 20
100%
10X3 30
100%
10X4 40
100%
10X5 50
100%
10X6 60
100%
10X7 70
100%
10X8 80
100%
10X9 90
100%
10X0 0
99%
10X12 120
98%
10X11 110
97%
10X13 130
97%
10X14 140
96%
10X15 150
96%
10X16 160
96%
10X17 170
96%
10X18 180
96%
10X19 190
96%
10X20 200
96%
Nenhum quiz correspondente encontrado
Distribuição das Pontuações
Porcentagem de Pessoas com Cada Pontuação
Percentil de Números Respondidos
Sua Pontuação Histórica
Você não jogou esse quiz